Fabrication of a Full scale Weapon capable UAV (Killer Drone) (With CD) (Record no. 323280)
[ view plain ]
| 000 -LEADER | |
|---|---|
| fixed length control field | 00432 a2200145 4500 |
| 001 - CONTROL NUMBER | |
| control field | 88207 |
| 082 ## - DEWEY DECIMAL CLASSIFICATION NUMBER | |
| Classification number | PR 412 |
| 090 ## - LOCALLY ASSIGNED LC-TYPE CALL NUMBER (OCLC); LOCAL CALL NUMBER (RLIN) | |
| -- | 41621 |
| -- | 41621 |
| 100 ## - MAIN ENTRY--PERSONAL NAME | |
| Personal name | Amir Dawood, Waqas Nazar, Umair Sufian, Salman Ahmed |
| 245 ## - TITLE STATEMENT | |
| Title | Fabrication of a Full scale Weapon capable UAV (Killer Drone) (With CD) |
| Statement of responsibility, etc. | Messam Abbas Naqvi |
| Name of part/section of a work | CAEG-64 (A) |
| 250 ## - EDITION STATEMENT | |
| Edition statement | 1st |
| 260 ## - PUBLICATION, DISTRIBUTION, ETC. | |
| Place of publication, distribution, etc. | Risalpur |
| Name of publisher, distributor, etc. | NUST |
| Date of publication, distribution, etc. | 2008 |
| 300 ## - PHYSICAL DESCRIPTION | |
| Extent | 131p |
| 500 ## - GENERAL NOTE | |
| General note | BE Project Reports |
| 942 ## - ADDED ENTRY ELEMENTS (KOHA) | |
| Institution code [OBSOLETE] | CAE NUST |
| Call number prefix | PR 412 |
| Withdrawn status | Lost status | Damaged status | Not for loan | Collection code | Permanent Location | Current Location | Date acquired | Total Checkouts | Full call number | Barcode | Date last seen | Price effective from | Koha item type |
|---|---|---|---|---|---|---|---|---|---|---|---|---|---|
| College of Aeronautical Engineering (CAE) | College of Aeronautical Engineering (CAE) | 04/03/2017 | PR 412 | CAEPR-412 | 04/05/2017 | 04/05/2017 | Book |
